Microeconomics (Record no. 9572)

MARC details
000 -LEADER
fixed length control field 00473cam a2200193ua 4500
001 - CONTROL NUMBER
control field 10610
005 - DATE AND TIME OF LATEST TRANSACTION
control field 20260515114636.0
008 - FIXED-LENGTH DATA ELEMENTS--GENERAL INFORMATION
fixed length control field 190320n ii |||gr||||Z||||||eng
020 ## - INTERNATIONAL STANDARD BOOK NUMBER
International Standard Book Number 9789325986701
040 ## - CATALOGING SOURCE
Transcribing agency MAIN
082 ## - DEWEY DECIMAL CLASSIFICATION NUMBER
Classification number 338.5
100 ## - MAIN ENTRY--PERSONAL NAME
Personal name D N Dwivedi,
Relator term Author.
245 ## - TITLE STATEMENT
Title Microeconomics
Remainder of title theory and applications
250 ## - EDITION STATEMENT
Edition statement 3rd ed rep.
260 ## - PUBLICATION, DISTRIBUTION, ETC.
Place of publication, distribution, etc. New Delhi:
Name of publisher, distributor, etc. vikas publishing house,
Date of publication, distribution, etc. 2018.
300 ## - PHYSICAL DESCRIPTION
Extent 651p.
653 ## - INDEX TERM--UNCONTROLLED
Uncontrolled term Production
942 ## - ADDED ENTRY ELEMENTS (KOHA)
Koha item type Books
Holdings
Withdrawn status Lost status Damaged status Not for loan Home library Current library Shelving location Date acquired Total checkouts Full call number Barcode Date last seen Date last checked out Copy number Price effective from Koha item type
        Naharkatiya College Library Naharkatiya College Library General stacks 09/19/2020 8 338.5Microeconomics | DWI 26427 10/05/2024 09/12/2024 1 09/19/2020 Books